Vplyv zdravého životného štýlu na spotrebiteľské správanie tíndžerov v kategórii potravín diplomová práca
Uložené v:
| Hlavný autor: | |
|---|---|
| Korporativný autor: | |
| Ďalší autori: | |
| Médium: | Kniha |
| Jazyk: | Slovak |
| Vydavateľské údaje: |
Bratislava
2016
|
| Tagy: |
Žiadne tagy, Buďte prvý, kto otaguje tento záznam!
|
MARC
| LEADER | 00000nbm a2200000 4500 | ||
|---|---|---|---|
| 001 | 0216637 | ||
| 005 | 20170112103805.4 | ||
| 041 | 0 | |a slo | |
| 044 | |a SK | ||
| 245 | 1 | 0 | |a Vplyv zdravého životného štýlu na spotrebiteľské správanie tíndžerov v kategórii potravín |b diplomová práca |c Michaela Bezdeková ; školiteľ: Dagmar Lesáková |
| 264 | 1 | |a Bratislava |c 2016 | |
| 300 | |a 90 s. | ||
| 100 | 1 | |a Bezdeková, Michaela | |
| 700 | 1 | |a Lesáková, Dagmar, 1949- | |
| 710 | 2 | |a Obchodná fakulta EU. Katedra marketingu | |